Lịch sử thế giới
Αποθηκεύτηκε σε:
| Κύριος συγγραφέας: | |
|---|---|
| Μορφή: | Βιβλίο |
| Γλώσσα: | Undetermined |
| Έκδοση: |
Thành phố Hồ Chí Minh
Thành phố Hồ Chí Minh
2002
|
| Θέματα: | |
| Ετικέτες: |
Προσθήκη ετικέτας
Δεν υπάρχουν, Καταχωρήστε ετικέτα πρώτοι!
|
| Thư viện lưu trữ: | Trung tâm Học liệu Trường Đại học Cần Thơ |
|---|
| LEADER | 00599nam a2200193Ia 4500 | ||
|---|---|---|---|
| 001 | CTU_56902 | ||
| 008 | 210402s9999 xx 000 0 und d | ||
| 020 | |b 156000 | ||
| 082 | |a 909 | ||
| 082 | |b Tr431 | ||
| 100 | |a Thôi Liên Trọng | ||
| 245 | 0 | |a Lịch sử thế giới | |
| 245 | 0 | |c Từ Thiên Ân và Lương Chí Vinh; Phong Đảo biên dịch | |
| 260 | |a Thành phố Hồ Chí Minh | ||
| 260 | |b Thành phố Hồ Chí Minh | ||
| 260 | |c 2002 | ||
| 650 | |a History, Modern | ||
| 650 | |x 1945- | ||
| 980 | |a Trung tâm Học liệu Trường Đại học Cần Thơ | ||